| 000 | 00448nam a2200169 4500 | ||
|---|---|---|---|
| 001 | 44900 | ||
| 090 | _a44900 | ||
| 100 | _a20251007 pory50 | ||
| 101 | _apor | ||
| 102 | _aPT | ||
| 200 |
_aSapiens _edesafie os seus conhecimentos _ftexto e imags Mouter _gcoord. ed. Simón Gomez _ged. Ana Marques |
||
| 210 |
_a[S.l.] _cdist. Visão _cimp. Norprint _d2015 |
||
| 215 | _av. | ||
| 225 | _aSapiens | ||
| 675 | _a008(03) | ||
| 801 |
_aPT _gRPC |
||
| 990 | _cLIVROS | ||